[Event "Bad Woerishofen op"]
[Site "?"]
[Date "2000.??.??"]
[Round "5"]
[White "Bruns, Michael"]
[Black "Probst, Joachim"]
[Result "1-0"]
[WhiteElo "2105"]
[BlackElo "1850"]
[PlyCount "85"]
[EventDate "2000.??.??"]

1. Nf3 Nf6 2. g3 d5 3. Bg2 e6 4. O-O Be7 5. d3 h6 6. Nbd2 O-O 7. e4 d4 8. e5
Ne8 9. Re1 a5 10. Qe2 a4 11. c3 dxc3 12. bxc3 c5 13. Ne4 Ra7 14. Be3 Ra5 15.
Qd2 Kh7 16. h4 Nd7 17. Rab1 f6 18. exf6 Nexf6 19. Neg5+ hxg5 20. Nxg5+ Kg8 21.
Nxe6 Qe8 22. c4 b6 23. Bf4 Qf7 24. Nxf8 Qxf8 25. Qe2 Bd8 26. Qe6+ Qf7 27. Qc6
Ba6 28. Bh3 Nf8 29. Qd6 N6d7 30. Bg2 Kh8 31. Bd5 Qf6 32. Qxf6 Bxf6 33. Re8 Kh7
34. Bd2 a3 35. Bxa5 bxa5 36. Ra8 Bb2 37. Rxa6 Ne5 38. Rxa5 Nfg6 39. Be4 Kg8 40.
Rxc5 Kf8 41. Kg2 Ke7 42. Rc7+ Kd6 43. Rxg7 1-0

[Event "Bad Woerishofen op"]
[Site "?"]
[Date "2000.??.??"]
[Round "7"]
[White "Bruns, Michael"]
[Black "Paehtz, Elisabeth"]
[Result "0-1"]
[WhiteElo "2105"]
[BlackElo "2306"]
[PlyCount "84"]
[EventDate "2000.??.??"]

1. Nf3 Nf6 2. g3 g6 3. Bg2 Bg7 4. O-O O-O 5. d3 d6 6. e4 c5 7. Nbd2 Nc6 8. Re1
Rb8 9. c3 b5 10. Qc2 b4 11. Nc4 Nd7 12. Bd2 Ba6 13. Ne3 Nde5 14. Nxe5 Nxe5 15.
c4 Nc6 16. f4 Nd4 17. Qd1 f5 18. Rb1 Bb7 19. Nc2 e6 20. Nxd4 Bxd4+ 21. Kh1 Qf6
22. Qe2 Rbe8 23. e5 Bxg2+ 24. Kxg2 dxe5 25. fxe5 Qg7 26. Bg5 Qb7+ 27. Qf3 Qa6
28. a3 bxa3 29. bxa3 Rb8 30. Bf6 Qa4 31. Kh3 Qd7 32. a4 Rb4 33. Rxb4 cxb4 34.
Rb1 a5 35. Qf4 Rb8 36. g4 fxg4+ 37. Qxg4 b3 38. c5 b2 39. Qg2 Bxc5 40. Qe4 Qd4
41. Qc6 Qe3+ 42. Kh4 Rb4+ 0-1

[Event "Bad Woerishofen op"]
[Site "?"]
[Date "2000.??.??"]
[Round "9"]
[White "Bruns, Michael"]
[Black "Beck, Alexander"]
[Result "0-1"]
[WhiteElo "2105"]
[BlackElo "1932"]
[PlyCount "144"]
[EventDate "2000.??.??"]

1. Nf3 c5 2. g3 Nc6 3. Bg2 g6 4. O-O Bg7 5. e4 d6 6. c3 e5 7. d3 Nge7 8. Be3
O-O 9. a4 b6 10. Na3 Ba6 11. Re1 d5 12. exd5 Nxd5 13. Bg5 f6 14. Bc1 Rc8 15.
Qb3 Na5 16. Qc2 Re8 17. Bd2 Nc6 18. Rad1 Kh8 19. Qb1 Nde7 20. Bc1 Rc7 21. Nb5
Rd7 22. Qc2 Nc8 23. Bh3 f5 24. Bg2 Nd6 25. Ng5 Bxb5 26. axb5 Nb8 27. Qa4 Bf6
28. Nf3 Nf7 29. Qb3 Kg7 30. Qc2 Rd6 31. Bf1 Qd7 32. Qb3 Qe6 33. Qxe6 Rdxe6 34.
Nd2 Nd6 35. c4 a6 36. bxa6 Nxa6 37. Bg2 Nb4 38. Nb1 Nc2 39. Rf1 e4 40. dxe4
Nxe4 41. Nd2 Nxf2 42. Rxf2 Bd4 43. Nf3 Bxf2+ 44. Kxf2 Re2+ 45. Kg1 Ne1 46. Bh1
Nc2 47. Bd2 Ne3 48. Rc1 Ng4 49. Bg2 Ne3 50. Bh3 h5 51. b3 Ng4 52. Bg2 Ne3 53.
Bf1 Nxf1 54. Kxf1 R2e4 55. Ra1 R8e7 56. Bg5 Rd7 57. Re1 Rd3 58. Nd2 Rxe1+ 59.
Kxe1 Kf7 60. Ke2 Rd7 61. h4 Ke6 62. Bf4 Ra7 63. Kd3 Rd7+ 64. Kc2 Rb7 65. Kc3
Rd7 66. Nf1 Ra7 67. Ne3 Kd7 68. Nd5 Kc6 69. Bg5 Rg7 70. Kd3 b5 71. Ne7+ Kb6 72.
Nd5+ Kc6 0-1

[Event "Bad Woerishofen op"]
[Site "Bad Woerishofen"]
[Date "2000.??.??"]
[Round "1"]
[White "Buchner, Rudolf"]
[Black "Brueckner, Wolfgang"]
[Result "1-0"]
[WhiteElo "2217"]
[BlackElo "1536"]
[PlyCount "65"]
[EventDate "1998.03.05"]
[Source "ChessBase"]
[SourceDate "1998.04.29"]

1. e4 e5 2. Nf3 Nc6 3. Bb5 a6 4. Ba4 Nf6 5. d4 b5 6. Bb3 Nxe4 7. dxe5 Nc5 8.
Bd5 Ne6 9. O-O Bb7 10. Nc3 Rb8 11. Re1 Be7 12. Be3 Na5 13. Bxb7 Nxb7 14. Qd5
O-O 15. Rad1 d6 16. Ba7 c6 17. Qxc6 Qc8 18. Qe4 Nbc5 19. Qg4 Rb7 20. Bxc5 dxc5
21. Nd5 Kh8 22. Qh5 Qc6 23. Nxe7 Rxe7 24. Rd6 Qc8 25. Red1 g6 26. Qh4 Rfe8 27.
Qf6+ Kg8 28. c3 c4 29. h4 Nc5 30. Rc6 Rc7 31. Ng5 Nd3 32. Nxf7 h5 33. Nh6+ 1-0

[Event "Bad Woerishofen op"]
[Site "?"]
[Date "2000.??.??"]
[Round "3"]
[White "Buchner, Rudolf"]
[Black "Koch, Harald"]
[Result "1-0"]
[WhiteElo "2110"]
[BlackElo "1816"]
[PlyCount "61"]
[EventDate "2000.??.??"]

1. e4 Nc6 2. d4 e5 3. Nf3 exd4 4. Bb5 a6 5. Ba4 d6 6. Bxc6+ bxc6 7. Qxd4 c5 8.
Qd3 Nf6 9. O-O Be7 10. Re1 O-O 11. Nc3 Bb7 12. Bg5 h6 13. Bh4 Nd7 14. Bxe7 Qxe7
15. Nd5 Qd8 16. Rad1 Re8 17. c4 Bxd5 18. Qxd5 Nb6 19. Qd3 Qf6 20. b3 Re7 21.
Re2 Rae8 22. Rde1 Qe6 23. Nh4 Qg4 24. Nf5 Re6 25. f3 Qg5 26. g3 Qf6 27. Kg2 c6
28. f4 d5 29. Nd6 Ra8 30. e5 dxc4 31. bxc4 1-0

[Event "Bad Woerishofen op"]
[Site "?"]
[Date "2000.??.??"]
[Round "5"]
[White "Buchner, Rudolf"]
[Black "Carl, Werner"]
[Result "1/2-1/2"]
[WhiteElo "2217"]
[BlackElo "1900"]
[PlyCount "78"]
[EventDate "2000.??.??"]

1. e4 g6 2. d4 Bg7 3. Nc3 d6 4. g3 c6 5. Bg2 Nd7 6. Nge2 Ngf6 7. O-O O-O 8. h3
e5 9. Be3 Re8 10. Kh2 Nf8 11. Qd2 Be6 12. Rad1 Qc7 13. a4 a6 14. f4 Rad8 15.
Rf2 b5 16. axb5 cxb5 17. fxe5 dxe5 18. d5 Bc8 19. Rdf1 Qd6 20. Na2 N8d7 21. Qb4
Qxb4 22. Nxb4 Bb7 23. Bg5 Rc8 24. c3 a5 25. Nd3 Nxe4 26. Rxf7 Nef6 27. R7xf6
Nxf6 28. Bxf6 e4 29. Ndc1 Bxd5 30. Bxg7 Kxg7 31. Nf4 Bf7 32. Nfe2 b4 33. Rd1
bxc3 34. Nxc3 Rb8 35. Nxe4 Rxb2 36. Ng5 Re7 37. Nd3 Rc2 38. Kg1 h6 39. Nxf7
Rxf7 1/2-1/2

[Event "Bad Woerishofen op"]
[Site "?"]
[Date "2000.??.??"]
[Round "7"]
[White "Buchner, Rudolf"]
[Black "Kuempers, Ulrich"]
[Result "1-0"]
[WhiteElo "2217"]
[BlackElo "2210"]
[PlyCount "79"]
[EventDate "2000.??.??"]

1. e4 c6 2. d4 d5 3. Nc3 dxe4 4. Nxe4 Nd7 5. Bc4 Ngf6 6. Ng5 e6 7. Qe2 Nb6 8.
Bb3 h6 9. N5f3 c5 10. Bf4 Bd6 11. Bxd6 Qxd6 12. O-O-O O-O 13. Ne5 Bd7 14. Ngf3
Rac8 15. Rhe1 Ba4 16. Bxa4 Nxa4 17. Qb5 Nb6 18. dxc5 Qxc5 19. Qxc5 Rxc5 20. b3
Nbd5 21. Kb2 Nc3 22. Rd4 b5 23. Nd7 Nxd7 24. Rxd7 a5 25. Ne5 b4 26. a3 Nd5 27.
Nc4 Ra8 28. Ra1 Rb8 29. axb4 Rxb4 30. Nxa5 Re4 31. Nc4 Re2 32. Ra8+ Kh7 33.
Rxf7 Nb4 34. Kc3 Nxc2 35. Raa7 e5 36. Kd3 Nd4 37. Rxg7+ Kh8 38. Rh7+ Kg8 39.
Rag7+ Kf8 40. Nb6 1-0

[Event "Bad Woerishofen op"]
[Site "?"]
[Date "2000.??.??"]
[Round "9"]
[White "Buchner, Rudolf"]
[Black "Laengl, Juergen"]
[Result "1/2-1/2"]
[WhiteElo "2217"]
[BlackElo "2248"]
[PlyCount "210"]
[EventDate "2000.??.??"]

1. e4 e6 2. d4 d5 3. Nd2 Nc6 4. Ngf3 Nf6 5. e5 Nd7 6. Nb3 Be7 7. c3 b6 8. Bd3
a5 9. h4 a4 10. Nbd2 Ba6 11. Bxa6 Rxa6 12. Nf1 h6 13. Bf4 b5 14. Qd3 Ra5 15.
Ng3 Nb6 16. Nh5 Bf8 17. g4 b4 18. cxb4 Nxb4 19. Qe2 Nc4 20. Kf1 Qb8 21. Kg2 Qb5
22. b3 Na3 23. Qxb5+ Rxb5 24. bxa4 Ra5 25. Bd2 Kd8 26. Nf4 Rxa4 27. Bxb4 Bxb4
28. g5 Bc3 29. Rad1 Nc4 30. Rd3 Ba5 31. h5 Rxa2 32. g6 Kd7 33. Rh4 Rf8 34. gxf7
Rxf7 35. Rg4 Nb2 36. Rb3 Nd1 37. Nh3 Bd2 38. Nxd2 Rxd2 39. Rf3 Ke7 40. Nf4 Rc2
41. Ng6+ Ke8 42. Rxf7 Kxf7 43. Rf4+ Ke8 44. Rf8+ Kd7 45. Rf7+ Kc8 46. Nf8 c5
47. Nxe6 cxd4 48. Nxd4 Rd2 49. e6 Rxd4 50. Rf8+ Kc7 51. e7 Re4 52. e8=Q Rxe8
53. Rxe8 Kd6 54. Rg8 d4 55. Kf1 Nc3 56. Ke1 Ke5 57. Rxg7 d3 58. Rg6 Ne4 59.
Rxh6 d2+ 60. Kd1 Nxf2+ 61. Kxd2 Ne4+ 62. Ke3 Nf6 63. Kf3 Kf5 64. Rh8 Kg5 65. h6
Kg6 66. Kf4 Nh7 67. Rg8+ Kxh6 68. Kf5 Kh5 69. Rg1 Kh6 70. Rg6+ Kh5 71. Ra6 Nf8
72. Ra8 Nh7 73. Ra1 Kh6 74. Ra6+ Kh5 75. Rg6 Nf8 76. Ra6 Nh7 77. Rb6 Nf8 78.
Rb8 Nh7 79. Rc8 Kh6 80. Rb8 Kh5 81. Ra8 Kh6 82. Re8 Kh5 83. Re7 Kh6 84. Ra7 Nf8
85. Ra8 Nh7 86. Rg8 Kh5 87. Rg6 Nf8 88. Rg1 Kh6 89. Rg8 Nh7 90. Rc8 Kh5 91. Rh8
Kh6 92. Rg8 Kh5 93. Rg6 Nf8 94. Rg8 Nh7 95. Rg1 Kh6 96. Rg2 Nf8 97. Kf6 Nh7+
98. Kf5 Nf8 99. Rg8 Nh7 100. Rg6+ Kh5 101. Ra6 Nf8 102. Kf6 Nh7+ 103. Kf5 Nf8
104. Rf6 Nh7 105. Rf7 Kh6 1/2-1/2

[Event "Bad Woerishofen op"]
[Site "Bad Woerishofen"]
[Date "2000.??.??"]
[Round "1"]
[White "Bunzmann, Dimitri"]
[Black "Gossmann, Ewald"]
[Result "1-0"]
[WhiteElo "2502"]
[BlackElo "2075"]
[PlyCount "49"]
[EventDate "1998.03.05"]
[Source "ChessBase"]
[SourceDate "1998.04.29"]

1. d4 g6 2. Nf3 Bg7 3. g3 Nf6 4. Bg2 O-O 5. O-O d6 6. c4 Nbd7 7. Nc3 c6 8. h3
Re8 9. e4 e5 10. Be3 Qe7 11. Re1 Qf8 12. d5 Nh5 13. Nd2 Bh6 14. Bxh6 Qxh6 15.
Nb3 g5 16. Qd2 Nf8 17. h4 f6 18. c5 cxd5 19. Nxd5 Ne6 20. cxd6 Qg7 21. Qd1 g4
22. Ne7+ Kh8 23. Nf5 Qd7 24. Qxg4 Neg7 25. Red1 1-0

[Event "Bad Woerishofen op"]
[Site "?"]
[Date "2000.??.??"]
[Round "3"]
[White "Bunzmann, Dimitri"]
[Black "Okrajek, Alexander"]
[Result "1-0"]
[WhiteElo "2502"]
[BlackElo "2289"]
[PlyCount "89"]
[EventDate "2000.??.??"]

1. d4 Nf6 2. c4 e6 3. Nf3 Bb4+ 4. Bd2 Qe7 5. g3 Ne4 6. Bg2 O-O 7. O-O Bxd2 8.
Nfxd2 Nxd2 9. Qxd2 d6 10. Nc3 Nc6 11. b3 a5 12. Rad1 h6 13. h3 Bd7 14. Kh2 Rae8
15. e4 e5 16. dxe5 Qxe5 17. f4 Qh5 18. Qf2 Bg4 19. Rd5 f5 20. Rb5 g5 21. exf5
Bxh3 22. Rxb7 Bxg2+ 23. Kxg2 Rxf5 24. Rxc7 Ne5 25. Qd4 g4 26. Rh1 Qxh1+ 27.
Kxh1 Rh5+ 28. Kg2 Rh2+ 29. Kxh2 Nf3+ 30. Kg2 Nxd4 31. Kf2 h5 32. Ra7 h4 33.
gxh4 g3+ 34. Kg2 Nf5 35. Rxa5 Ne3+ 36. Kxg3 Nxc4 37. bxc4 Re3+ 38. Kg4 Rxc3 39.
Kg5 Rxc4 40. Kg6 Kf8 41. f5 d5 42. Ra8+ Ke7 43. f6+ Kd7 44. f7 Rc6+ 45. Kg5 1-0

[Event "Bad Woerishofen op"]
[Site "?"]
[Date "2000.??.??"]
[Round "7"]
[White "Bunzmann, Dimitri"]
[Black "Pelletier, Yannick"]
[Result "1/2-1/2"]
[WhiteElo "2502"]
[BlackElo "2478"]
[PlyCount "41"]
[EventDate "2000.??.??"]

1. d4 d5 2. c4 c6 3. Nc3 Nf6 4. Nf3 dxc4 5. a4 Bf5 6. Nh4 e6 7. Nxf5 exf5 8. e3
Bb4 9. Bxc4 O-O 10. h3 c5 11. O-O Nc6 12. Na2 a5 13. Nxb4 axb4 14. dxc5 Qxd1
15. Rxd1 Na5 16. b3 Nxc4 17. bxc4 Rfc8 18. Bd2 Rxc5 19. Bxb4 Rxc4 20. Rab1 b6
21. Rd7 1/2-1/2

[Event "Bad Woerishofen op"]
[Site "?"]
[Date "2000.??.??"]
[Round "9"]
[White "Bunzmann, Dimitri"]
[Black "Schlindwein, Rolf"]
[Result "1-0"]
[WhiteElo "2502"]
[BlackElo "2442"]
[PlyCount "77"]
[EventDate "2000.??.??"]

1. d4 d6 2. g3 Nc6 3. Bg2 e5 4. d5 Nce7 5. e4 f5 6. Nc3 g6 7. h4 Nh6 8. h5 Nf7
9. hxg6 Nxg6 10. Qf3 f4 11. gxf4 exf4 12. Bxf4 Nxf4 13. Qxf4 h5 14. Bh3 Bh6 15.
Qg3 Bxh3 16. Qxh3 Qg5 17. Nf3 Qf4 18. Ke2 Bg7 19. Qe6+ Kf8 20. Rh4 Qf6 21. Qxf6
Bxf6 22. Rh3 Re8 23. Kd3 Rh6 24. Rah1 Bxc3 25. bxc3 Rf6 26. Ke3 Nh6 27. Nh2 c6
28. Rxh5 cxd5 29. Rxd5 Nf5+ 30. Kd3 Ne7 31. Rh5 Ng6 32. Ke3 Rc8 33. Ng4 Rxc3+
34. Kd4 Rff3 35. Rf5+ Rxf5 36. exf5 Rf3 37. fxg6 Rf4+ 38. Ke3 Rxg4 39. Rh7 1-0

[Event "Bad Woerishofen op"]
[Site "Bad Woerishofen"]
[Date "2000.??.??"]
[Round "2"]
[White "Carl, Werner"]
[Black "Schaller, Sven"]
[Result "0-1"]
[WhiteElo "1900"]
[BlackElo "2308"]
[PlyCount "120"]
[EventDate "1998.03.05"]
[Source "ChessBase"]
[SourceDate "1998.04.29"]

1. e4 c5 2. c3 d5 3. exd5 Qxd5 4. d4 e6 5. Nf3 Nf6 6. Bb5+ Bd7 7. Bxd7+ Nbxd7
8. O-O Be7 9. Qe2 O-O 10. Rd1 c4 11. Nbd2 b5 12. Nf1 Bd6 13. Bg5 Qb7 14. Bh4
Nh5 15. Bg3 Nxg3 16. Nxg3 Nf6 17. Ng5 Nd5 18. Qc2 g6 19. N5e4 Be7 20. Qd2 Qc7
21. Ne2 Kg7 22. N4g3 Rad8 23. Nf1 Bd6 24. g3 e5 25. dxe5 Bxe5 26. Qc2 Qc5 27.
Nd4 b4 28. Nf3 Bf6 29. N1d2 bxc3 30. Ne4 Qc6 31. bxc3 Nxc3 32. Nxc3 Qxf3 33.
Rac1 Bxc3 34. Rxd8 Rxd8 35. Qxc3+ Qxc3 36. Rxc3 Rc8 37. f4 Kf6 38. Kf2 Ke6 39.
Ke2 Kd5 40. Kd2 Kd4 41. Rf3 Rb8 42. Kc2 Re8 43. Rf2 Re3 44. Rd2+ Rd3 45. Re2
Rc3+ 46. Kb2 Kd3 47. Rf2 Ke3 48. Rg2 Rd3 49. Kc2 h5 50. h3 Kf3 51. Rg1 Kf2 52.
Rb1 Kxg3 53. Rb7 Kxf4 54. Rxf7+ Kg5 55. Rxa7 Rxh3 56. Rc7 Rh2+ 57. Kb1 Rf2 58.
Rxc4 Rf4 59. Rc1 h4 60. Rg1+ Kh5 0-1

[Event "Bad Woerishofen op"]
[Site "?"]
[Date "2000.??.??"]
[Round "4"]
[White "Carl, Werner"]
[Black "Hanisch, Pavel"]
[Result "1/2-1/2"]
[WhiteElo "1900"]
[BlackElo "2165"]
[PlyCount "148"]
[EventDate "2000.??.??"]

1. e4 c5 2. Nf3 e6 3. c3 Nf6 4. Bd3 Nc6 5. Bc2 Qc7 6. O-O b6 7. Re1 Bb7 8. d3
Be7 9. Nbd2 O-O 10. Nf1 d5 11. Ng3 dxe4 12. dxe4 Rad8 13. Qe2 Rfe8 14. e5 Nd7
15. Bf4 Nf8 16. Nf1 Ng6 17. Bg3 a6 18. h3 b5 19. Rad1 c4 20. h4 Nf8 21. N1h2
Bc5 22. Ng4 f5 23. Ngh2 Ne7 24. Bf4 h6 25. Be3 Nfg6 26. Bxc5 Qxc5 27. g3 Nd5
28. Rd4 Nge7 29. Red1 Qc6 30. Qf1 g5 31. hxg5 hxg5 32. Qh3 Kg7 33. Qh5 Rh8 34.
Qxg5+ Kf7 35. Rh4 Rdg8 36. Qd2 Rxh4 37. Nxh4 Ne3 38. N2f3 Nxd1 39. Bxd1 Qd5 40.
Qe1 Rg4 41. Kh2 Ng6 42. Ng2 Ke7 43. Ne3 Qc6 44. Nxg4 fxg4 45. Qe3 Kd7 46. Qd4+
Kc8 47. Qxg4 Nxe5 48. Qg8+ Kc7 49. Qg7+ Nd7 50. Qd4 e5 51. Qe3 Qg6 52. Be2 Qh7+
53. Kg1 Qb1+ 54. Bf1 Bxf3 55. Qxf3 Qxb2 56. Bg2 Qxa2 57. Qc6+ Kd8 58. Bh3 Qb1+
59. Kg2 Qd3 60. Qxa6 Qxc3 61. Qxb5 Nf8 62. Qb8+ Ke7 63. Qc7+ Ke8 64. Qc6+ Kf7
65. Qc7+ Kg8 66. Qe7 Qd4 67. Bf5 Qd5+ 68. f3 Qd2+ 69. Kh3 Qd4 70. g4 c3 71. Qc7
Qe3 72. Be4 Qh6+ 73. Kg3 Qf4+ 74. Kh3 Ne6 1/2-1/2

[Event "Bad Woerishofen op"]
[Site "?"]
[Date "2000.??.??"]
[Round "6"]
[White "Carl, Werner"]
[Black "Schuster, Gerhard"]
[Result "0-1"]
[WhiteElo "1900"]
[BlackElo "2137"]
[PlyCount "60"]
[EventDate "2000.??.??"]

1. e4 c6 2. d4 d5 3. exd5 cxd5 4. Bd3 Nc6 5. c3 Nf6 6. Bf4 Bg4 7. Qb3 Qc8 8.
Nd2 e6 9. Ngf3 Be7 10. O-O Bh5 11. Rfe1 O-O 12. Rac1 Bg6 13. Qc2 b5 14. Bxg6
hxg6 15. Qd3 Qb7 16. Ne5 Nxe5 17. Bxe5 Rfc8 18. a3 a5 19. Bxf6 Bxf6 20. Nf3 b4
21. cxb4 axb4 22. Qb3 Rcb8 23. axb4 Ra6 24. Rc2 Rb6 25. Ree2 Rxb4 26. Qa2 Bxd4
27. Nxd4 Rxd4 28. g3 Rd1+ 29. Kg2 Ra8 30. Rc7 Qb8 0-1

[Event "Bad Woerishofen op"]
[Site "?"]
[Date "2000.??.??"]
[Round "9"]
[White "Carl, Werner"]
[Black "Oud, Niek"]
[Result "0-1"]
[WhiteElo "1900"]
[BlackElo "2194"]
[PlyCount "86"]
[EventDate "2000.??.??"]

1. e4 c5 2. Nf3 Nc6 3. c3 d5 4. exd5 Qxd5 5. d4 Bg4 6. Be2 e6 7. O-O Nf6 8. Na3
cxd4 9. Nb5 Rc8 10. Nbxd4 Nxd4 11. Nxd4 Bxe2 12. Qxe2 a6 13. Rd1 Be7 14. Nf3
Qa5 15. c4 O-O 16. b3 Rfd8 17. Be3 Ne4 18. Bd4 f5 19. Qe3 Rc6 20. Nd2 e5 21.
Bb2 Rxd2 22. Rxd2 Qxd2 23. Qxd2 Nxd2 24. Bxe5 Re6 25. Bd4 Ne4 26. g3 Bc5 27.
Bxc5 Nxc5 28. b4 Nd3 29. Kf1 Nxb4 30. Rb1 Nxa2 31. Rxb7 Nc3 32. f3 a5 33. Ra7
a4 34. c5 Kf8 35. h4 Re7 36. Ra6 Rc7 37. c6 Ke7 38. Ke1 Kd6 39. Kd2 Rxc6 40.
Ra7 Rc7 41. Ra5 Nb1+ 42. Kd1 a3 43. Ke2 a2 0-1

[Event "Bad Woerishofen op"]
[Site "?"]
[Date "2000.??.??"]
[Round "2"]
[White "Clasen, Sven-Olaf"]
[Black "Seidel, Sandra"]
[Result "1-0"]
[WhiteElo "2094"]
[BlackElo "1803"]
[PlyCount "147"]
[EventDate "2000.??.??"]

1. d4 Nf6 2. Nf3 g6 3. g3 Bg7 4. Bg2 O-O 5. O-O d6 6. Nbd2 Nbd7 7. c3 e5 8. Qb3
exd4 9. cxd4 d5 10. Ne1 Qe7 11. Nd3 c6 12. e4 dxe4 13. Re1 Nb6 14. Nxe4 Nxe4
15. Rxe4 Qd8 16. Ne5 Be6 17. Qc3 Bd5 18. Re1 Bxg2 19. Kxg2 Qd5+ 20. Kg1 Rad8
21. Be3 Rfe8 22. Rad1 f6 23. Nd3 Rd7 24. Nc5 Rde7 25. Qa5 Nc4 26. Qc3 Nb6 27.
b3 Qf3 28. Qc1 Nd5 29. Bd2 Bf8 30. Nxb7 Rxe1+ 31. Rxe1 Rxe1+ 32. Qxe1 Qg4 33.
Be3 Bb4 34. Qc1 Qd7 35. Nc5 Bxc5 36. dxc5 Nxe3 37. Qxe3 Qd1+ 38. Kg2 Qd5+ 39.
Kg1 Qd1+ 40. Kg2 Qd5+ 41. Kf1 Kf7 42. Ke2 Qh5+ 43. Ke1 Qf5 44. a4 Qb1+ 45. Kd2
Qb2+ 46. Kd1 Qb1+ 47. Ke2 Qc2+ 48. Kf3 Qd1+ 49. Kg2 Qd5+ 50. f3 Qf5 51. Qc3 g5
52. Qc4+ Kg7 53. b4 Qd7 54. b5 Qd2+ 55. Kh3 Qd7+ 56. Kg2 Qd2+ 57. Kf1 Qxh2 58.
bxc6 Qh1+ 59. Kf2 Qh2+ 60. Ke3 Qxg3 61. Qd4 Qe1+ 62. Kd3 Qd1+ 63. Ke4 Qe2+ 64.
Kd5 Qxf3+ 65. Kd6 Qg3+ 66. Kd7 Qh3+ 67. Kd8 Qb3 68. Qd7+ Kh6 69. c7 Qg8+ 70.
Ke7 Qg7+ 71. Kd6 Qf8+ 72. Qe7 Qc8 73. Qxf6+ Kh5 74. Qf7+ 1-0

[Event "Bad Woerishofen op"]
[Site "?"]
[Date "2000.??.??"]
[Round "4"]
[White "Clasen, Sven-Olaf"]
[Black "Ballon, Guenther"]
[Result "0-1"]
[WhiteElo "2094"]
[BlackElo "2240"]
[PlyCount "52"]
[EventDate "2000.??.??"]

1. Nf3 d5 2. d4 c6 3. c3 Bg4 4. Qb3 Qc8 5. Ne5 Bf5 6. Nd2 f6 7. Nef3 e6 8. e3
Bd6 9. Be2 Nd7 10. O-O Ne7 11. a4 O-O 12. Nh4 Bg6 13. f4 Bf7 14. Qc2 e5 15. f5
e4 16. b4 g5 17. fxg6 hxg6 18. g3 Kg7 19. Nb3 Qc7 20. Kf2 g5 21. Ng2 Rh8 22.
Kg1 Bxg3 23. hxg3 Qxg3 24. Rd1 Rh2 25. Bf1 Rah8 26. Qf2 Rh1# 0-1

[Event "Bad Woerishofen op"]
[Site "?"]
[Date "2000.??.??"]
[Round "6"]
[White "Clasen, Sven-Olaf"]
[Black "Lechner, Otto"]
[Result "1-0"]
[WhiteElo "2094"]
[BlackElo "1820"]
[PlyCount "77"]
[EventDate "2000.??.??"]

1. d4 d5 2. Nf3 Nf6 3. Bf4 Bf5 4. c4 e6 5. Qb3 Qc8 6. Nc3 c6 7. Rc1 dxc4 8.
Qxc4 Qd8 9. g3 Be7 10. Bg2 Nbd7 11. O-O O-O 12. Rfd1 Qb6 13. Nh4 Bg4 14. h3 Bh5
15. Nf3 h6 16. e4 Bg6 17. Ne5 Nxe5 18. dxe5 Nh7 19. Rd7 Bg5 20. Na4 Qb5 21.
Qxb5 cxb5 22. Nc3 b4 23. Nb5 a6 24. Nd6 b5 25. Rcc7 h5 26. Bxg5 Nxg5 27. f4
Nxe4 28. Bxe4 Bxe4 29. Nxe4 Rac8 30. Nd6 Rxc7 31. Rxc7 f6 32. exf6 gxf6 33. Re7
e5 34. fxe5 fxe5 35. Rxe5 Rd8 36. Re6 Kg7 37. Kf2 Rf8+ 38. Ke2 Rd8 39. Nf5+ 1-0

[Event "Bad Woerishofen op"]
[Site "?"]
[Date "2000.??.??"]
[Round "8"]
[White "Clasen, Sven-Olaf"]
[Black "Liszka, Guenter"]
[Result "1-0"]
[WhiteElo "2094"]
[BlackElo "1770"]
[PlyCount "81"]
[EventDate "2000.??.??"]

1. d4 d5 2. Nf3 Nf6 3. Bf4 e6 4. c3 Nbd7 5. Nbd2 Be7 6. e3 b6 7. h3 Bb7 8. Be2
O-O 9. O-O c5 10. Re1 Rc8 11. a4 c4 12. Qc2 Nb8 13. Rad1 Nc6 14. Ne5 Na5 15.
Bh2 Ne8 16. f4 Nd6 17. g4 f6 18. Nef3 Qe8 19. Kh1 Bc6 20. Ra1 Kh8 21. Rg1 Rd8
22. g5 f5 23. g6 hxg6 24. Ne5 Rf6 25. Rg2 Nf7 26. Nxg6+ Kh7 27. Rag1 Bf8 28.
Bh5 Qd7 29. Qd1 Nh6 30. Nf3 Bxa4 31. Qe1 Nc6 32. Ng5+ Kg8 33. Bg3 Nf7 34. Bh4
Nxg5 35. Bxg5 Rf7 36. Qh4 Be7 37. Nh8 Bxg5 38. Bxf7+ Qxf7 39. Rxg5 Qc7 40. Qh6
Rd7 41. Qxe6+ 1-0

[Event "Bad Woerishofen op"]
[Site "Bad Woerishofen"]
[Date "2000.??.??"]
[Round "1"]
[White "Damm, Fabian"]
[Black "Senff, Martin"]
[Result "0-1"]
[WhiteElo "2151"]
[BlackElo "2349"]
[PlyCount "60"]
[EventDate "1998.03.05"]
[Source "ChessBase"]
[SourceDate "1998.04.29"]

1. d4 d5 2. c4 e6 3. Nf3 c6 4. e3 Nf6 5. Nc3 Nbd7 6. cxd5 exd5 7. Bd3 Bd6 8.
O-O O-O 9. Qc2 Re8 10. Bd2 Qe7 11. Bf5 Ne4 12. Rad1 Ndf6 13. Bxc8 Raxc8 14. Bc1
Ng4 15. Qe2 Bb8 16. g3 h5 17. Nd2 Qe6 18. Kg2 h4 19. Nf3 hxg3 20. hxg3 f5 21.
Qd3 Ngxf2 22. Rxf2 Qg6 23. Nxe4 fxe4 24. Qe2 Qxg3+ 25. Kh1 exf3 26. Rxf3 Qh4+
27. Kg1 Re4 28. Qf2 Rg4+ 29. Kf1 Qh5 30. Bd2 Rh4 0-1

[Event "Bad Woerishofen op"]
[Site "?"]
[Date "2000.??.??"]
[Round "3"]
[White "Damm, Fabian"]
[Black "Salvermoser, Bernd"]
[Result "1-0"]
[WhiteElo "1980"]
[BlackElo "2190"]
[PlyCount "63"]
[EventDate "2000.??.??"]

1. d4 Nf6 2. Nf3 c5 3. c3 cxd4 4. cxd4 d5 5. Nc3 Nc6 6. Bf4 a6 7. e3 Bg4 8. h3
Bxf3 9. Qxf3 e6 10. Bd3 Be7 11. O-O O-O 12. Rac1 Rc8 13. Rfd1 b5 14. Bb1 Qa5
15. a3 b4 16. axb4 Qxb4 17. Qe2 Na5 18. Qxa6 Nc4 19. Rc2 Ra8 20. Qb5 Nxb2 21.
Rxb2 Qxc3 22. Rb3 Qc8 23. f3 Rd8 24. e4 dxe4 25. fxe4 Bd6 26. Bxd6 Rxd6 27. e5
Rd5 28. Qd3 Ne8 29. Qxh7+ Kf8 30. Be4 Rxd4 31. Qh8+ Ke7 32. Qh4+ 1-0

[Event "Bad Woerishofen op"]
[Site "?"]
[Date "2000.??.??"]
[Round "5"]
[White "Damm, Fabian"]
[Black "Keller, Manfred"]
[Result "0-1"]
[WhiteElo "2151"]
[BlackElo "2205"]
[PlyCount "62"]
[EventDate "2000.??.??"]

1. d4 Nf6 2. g3 g6 3. Bg2 d5 4. Nf3 Bg7 5. c4 O-O 6. cxd5 Nxd5 7. O-O Nb6 8.
Nc3 Nc6 9. d5 Na5 10. Qc2 Bd7 11. Bf4 c6 12. Ne5 cxd5 13. Nxd7 Qxd7 14. Nxd5
Nxd5 15. Rad1 Nb4 16. Qc5 Qa4 17. Bd2 Nbc6 18. b4 Bd4 19. Qc1 Nxb4 20. Bh6 Rfd8
21. Qc7 Bxf2+ 22. Kxf2 Rxd1 23. Qe5 Rxf1+ 24. Bxf1 f6 25. Qxe7 Nd3+ 26. exd3
Qxa2+ 27. Be2 Qf7 28. Qb4 Nc6 29. Qb2 Re8 30. Bf3 Ne5 31. Be4 Ng4+ 0-1

[Event "Bad Woerishofen op"]
[Site "?"]
[Date "2000.??.??"]
[Round "7"]
[White "Damm, Fabian"]
[Black "Muench, Werner"]
[Result "1/2-1/2"]
[WhiteElo "1980"]
[BlackElo "1703"]
[PlyCount "81"]
[EventDate "2000.??.??"]

1. e4 c6 2. d4 d5 3. Nc3 dxe4 4. Nxe4 Bf5 5. Ng3 Bg6 6. Nf3 Nd7 7. h4 h6 8. h5
Bh7 9. Bd3 Bxd3 10. Qxd3 Ngf6 11. Bd2 e6 12. O-O-O Qc7 13. Kb1 Bd6 14. Ne4 Nxe4
15. Qxe4 Nf6 16. Qe2 O-O-O 17. Ne5 Bxe5 18. dxe5 Nd5 19. Rh3 Qe7 20. Rdh1 Rd7
21. g4 Rhd8 22. a3 Nc7 23. Be3 c5 24. c4 Rd3 25. Rg3 Qd7 26. Bxc5 Rxg3 27. fxg3
Qc6 28. Rf1 Qxc5 29. Rxf7 Qg1+ 30. Ka2 Qxg3 31. Rxg7 Qd3 32. Qxd3 Rxd3 33. g5
hxg5 34. h6 Rh3 35. h7 Ne8 36. Rg8 Rxh7 37. Rxe8+ Kd7 38. Rg8 Rh5 39. Kb3 g4
40. Rxg4 Rxe5 41. Kc3 1/2-1/2

[Event "Bad Woerishofen op"]
[Site "?"]
[Date "2000.??.??"]
[Round "9"]
[White "Damm, Fabian"]
[Black "Straub, Peter"]
[Result "1/2-1/2"]
[WhiteElo "2151"]
[BlackElo "2126"]
[PlyCount "45"]
[EventDate "2000.??.??"]

1. d4 Nf6 2. c4 e6 3. Nc3 Bb4 4. Qc2 c5 5. e3 d5 6. a3 Bxc3+ 7. Qxc3 cxd4 8.
exd4 dxc4 9. Bxc4 O-O 10. Nf3 b6 11. O-O Bb7 12. Ne5 Nbd7 13. Re1 Rc8 14. Qd3
Nxe5 15. dxe5 Qxd3 16. Bxd3 Rfd8 17. Bb1 Ne4 18. Bxe4 Bxe4 19. Bg5 Rd4 20. Rac1
Rxc1 21. Rxc1 h6 22. Be3 Rd7 23. f3 1/2-1/2